000 00902nam a2200265Ia 4500
003 OSt
005 20220923211621.0
006 a|||||r|||| 00| 0
007 ta
008 220922b |||||||| |||| 00| 0 san d
024 _a13,685
037 _cTextual
040 _aARTS
_cARTS
_bsan
041 _2san
_asan
082 _aDelta25, 152M0
100 _aहरिहारनन्द सरस्वती
245 0 _aभक्ति सुधा
246 _aBhakti sudhā
250 _a2
260 _aकलकता
_b राधाकृष्ण धानुका प्रकाशन संस्थान
_c1980
300 _a1052पृ0
_ccm.
650 _aआध्यात्मिक अनुभव और रहस्यवाद
942 _hDelta25, 152M0
_cTEXL
_2CC
999 _c301520
_d301520